| 000 | 00869nam a2200217 a 4500 | ||
|---|---|---|---|
| 005 | 20240920063727.0 | ||
| 008 | 080722s1984 mx r 000 0 spa d | ||
| 020 | _a9282030407 | ||
| 035 | _aUPN01000157915 | ||
| 049 | _aUNE | ||
| 080 | 1 | 4 | _a374.1 (910) DES. |
| 245 | 0 | 3 |
_aEl desarrollo de estrategias de aprendizaje para la post-alfabetización y la educación continua de los neo-alfabetos dentro de la perspectiva de la educación permanente en Indonesia / _cpor Anwas Iskeindar... [et al.]. |
| 260 |
_aHamburgo : _bInstituto de la UNESCO para la Educación, _c1984. |
||
| 300 |
_ax, 57 p. : _bfots. |
||
| 440 | 0 | _aEstudios del IUE sobre la post-alfabetización y la educación | |
| 690 |
_aEducación permanente _97280 |
||
| 690 | _aIndonesia | ||
| 700 | 1 |
_aIskandar, Anwas, _ecoaut. |
|
| 710 | 2 |
_aUNESCO. _bInstitute for Education Hamburg |
|
| 905 | _aUNESCO | ||
| 999 |
_c130029 _d130029 |
||